| 000 | 00716nam 22002173 4500 | ||
|---|---|---|---|
| 001 | 200990 | ||
| 090 | _a200990 | ||
| 100 | _a20260305d u||y0pory50 ba | ||
| 101 | _apor | ||
| 200 |
_aEstrutura da Economia Internacional _fRamón Tamames _gTradução de António Pescada e Manuel J. Palmeirim |
||
| 205 | _a3ª actualizada | ||
| 210 |
_aLisboa _cPublicações Dom Quixote _d1979 |
||
| 215 |
_a391, [1] p. _cBrochado _d21 cm |
||
| 225 |
_aUniversidade Moderna _v28 |
||
| 606 |
_912238 _aCiências Sociais _xEconomia Mundial |
||
| 610 | _aComércio externo | ||
| 675 |
_a339.5/TAM/EST _vPT _zpor |
||
| 700 |
_916658 _aTamames _bRamón |
||
| 801 |
_aPT _bBMMN _gRPC |
||
| 830 |
_cCarlos Pinto _d05-03-2026 _fCarlos Pinto |
||
| 990 | _cLIVROS | ||